Tower Defense Simulator all Towers - Statistics

General Stats
  • This quiz has been taken 176 times
    166 since last reset
  • The average score is 27 of 41
Answer Stats
Nr Answer % Correct
1 Scout
100%
2 Sniper
98%
18 Minigunner
91%
5 Soldier
91%
20 Accelerator
89%
6 Freezer
87%
16 Commander
84%
21 Engineer
82%
24 Mortar
80%
3 Paintballer
80%
22 Crook Boss
79%
19 Ranger
79%
7 Ace Pilot
78%
4 Demoman
78%
25 Pursuit
78%
27 Gladiator
76%
17 DJ Booth
74%
23 Turret
74%
11 Militant
70%
9 Pyromancer
70%
30 Archer
67%
28 Commando
67%
13 Military Base
67%
34 Sledger
67%
36 Hunter
66%
33 Toxic Gunner
62%
8 Medic
60%
29 Slasher
59%
10 Farm
57%
31 Frost Blaster
57%
12 Shotgunner
57%
14 Rocketeer
56%
32 Swarmer
56%
26 Cowboy
55%
15 Electroshocker
49%
35 Executioner
45%
38 Mecha Base
40%
37 Sentry
37%
40 Void Miner
37%
39 War Machine
33%
41 YeeHaw
11%
No matching quizzes found
Score Distribution
Percent of People with Each Score
Percentile by Number Answered
Your Score History
You have not taken this quiz since the last reset